=LDR 00000nam 2200000 4500 =001 INLIS000000000044068 =005 20131008104536 =008 ***********************************ind** =035 ##$$0010-101300000001990 =041 ##$$a ind =082 ##$$a 330 =090 ##$$a 330, HUM p =100 ##$$a Humphreys, Ian J =245 ##$$a Pengetahuan ekonomi untuk orang awam, Ian J. Humphreys; alih bahasa, Kencanawati Taniran =260 ##$$a 1989 $b Jakarta =300 ##$$a viii, 128 hlm., 21 cm =650 ##$$a Ekonomi =700 ##$$a Taniran, Kencanawati =850 ##$$a NBPNMAT =990 ##$$a 0001/BPAP-NTB/2015